000 00962cam a22002771 4500
001 7475807
005 20240818092922.0
008 730104t19581957nyua 000 0 eng
010 _a 58011269
035 _a(OCoLC)528707
040 _aDLC
_cODaWU
_dOCoLC
_dDLC
042 _apremarc
050 0 0 _aQA805
_b.A5 1958
082 _a531
_220
_bJOS
100 1 _aAmes, Joseph Sweetman,
_d1864-1943.
_96802
245 1 0 _aTheoretical mechanics;
_ban introduction to mathematical physics
_c[by] Joseph Sweetman Ames and Francis D. Murnaghan.
260 _aNew York,
_bDover Publications
_c[1958, c1957]
300 _a462 p.
_billus.
_c21 cm.
650 0 _aMechanics, Analytic.
_96803
650 0 _aMathematical physics.
_96804
700 1 _aMurnaghan, Francis D.
_q(Francis Dominic),
_d1893-
_ejoint author.
_96805
942 _2ddc
_cBB
_hRDA-MOD
999 _c11998
_d11998
336 _2rdacontent
_atext
_btxt
337 _aunmediated
_2rdamedia
_bn
338 _avolume
_bnc
_2rdacarrier